00361nam a2200133Ia 4500008004100000024001500041082001700056100002200073245003000095260002600125600002100151650003800172999001700210260210s9999 xx 000 0 und d a08B-006-BS a004.1072 FAI aFaizan Bin Fakhar 0aCentral Scheduling System aKarachi:bUITU,c2008 aComputer Science aBachelor of Computer Science (BS) c31975d31975